| 000 | 00871nam a22002057a 4500 | ||
|---|---|---|---|
| 005 | 20200104041628.0 | ||
| 008 | 110914s2013 II r a00010 eng d | ||
| 015 | _ack-2000-xxxx | ||
| 020 | _a9292254790 | ||
| 041 | 0 | _aspa | |
| 082 | 0 | 4 |
_a341.37 _bS44l |
| 245 | 0 | 0 |
_aLa naturaleza protege si está protegida : _bdecisiones adoptadas por la Conferencia de las Partes en el Convenio sobre la Diversidad Biológica en su 11a. reunión, Hyderabad, India 8 al 9 de octubre de 2012 |
| 260 |
_aMontreal _bSecretaría del Convenio sobre la Diversidad Biológica _c2000. |
||
| 300 |
_a246 p. _c21 cm. |
||
| 650 | 6 |
_aDiversidad biológica. _vCongresos, conferencias, etc. _926801 |
|
| 650 | 6 |
_aProtección del medio ambiente. _9271 |
|
| 650 | 6 |
_aConservación de la diversidad biológica. _926803 |
|
| 650 | 6 |
_aProtección de los recursos naturales. _926804 |
|
| 942 |
_2ddc _cLIBRO |
||
| 999 |
_c8675 _d8675 |
||